V.I. Lenin: Esbozo Biográfico

Salvato in:
Dettagli Bibliografici
Autore principale: Instituto de Marxismo - Leninismo anejo al CC del PCUS
Natura: Libro
Lingua:Undetermined
Pubblicazione: Moscú, Rusia Editorial Progreso 1975
Soggetti:
Tags: Aggiungi Tag
Nessun Tag, puoi essere il primo ad aggiungerne!!

MARC

LEADER 00000nam a2200000Ia 4500
008 170316s9999 xx 000 0 und d
040 |a cru BVZT 
090 |a 891 I-2v 
100 |a Instituto de Marxismo - Leninismo anejo al CC del PCUS 
245 |a V.I. Lenin: Esbozo Biográfico 
260 |a Moscú, Rusia 
260 |b Editorial Progreso 
260 |c 1975 
300 |a 193 páginas 
650 |a LITERATURA RUSA 
650 |a BIOGRAFÍA - LENIN 
999 |c 12062  |d 12062 
942 |c 15 D  |h 891 I-2v  |2 z